MARC

LEADER 00000nam0a2200000 4500
001 355910
005 20231102010837.0
035 |a (RuTPU)RU\TPU\retro\13170 
090 |a 355910 
100 |a 20200714d1921 km a0rusy50 ca 
101 0 |a rus 
102 |a RU 
105 |a a z 001zy 
200 1 |a Сборник декретов и постановлений по Народному Комиссариату Земледелия  |e 1917-1920 гг.  |f РСФСР, Народный комиссариат земледелия (Наркомзем, НКЗ) 
210 |a Москва  |c Государственное изд-во  |d 1921 
215 |a 195 с.  |c табл. 
320 |a Алф.-предм. указ.: с. 193-195 
606 1 |a Декреты Советской власти  |z 1918-1920  |2 stltpush  |3 (RuTPU)RU\TPU\subj\66208  |9 82421 
606 1 |a Декреты Советской власти  |z октябрь 1917-1918  |2 stltpush  |3 (RuTPU)RU\TPU\subj\66177  |9 82391 
610 1 |a земельные отношения 
610 1 |a земельные правоотношения 
610 1 |a земледелие 
610 1 |a декреты 
610 1 |a постановления 
610 1 |a земля 
610 1 |a социализация 
610 1 |a сельское хозяйство 
686 |a Т3(2)612-3  |v LBC/SL-A  |2 rubbk 
686 |a Т3(2)611-3  |v LBC/SL-A  |2 rubbk 
712 0 1 |a РСФСР  |b Народный комиссариат земледелия (Наркомзем, НКЗ)  |c (1917-1929)  |2 stltpush  |3 (RuTPU)RU\TPU\col\22381 
801 1 |a RU  |b 63413507  |c 20200714 
801 2 |a RU  |b 63413507  |c 20200924  |g RCR 
942 |c BK